Logo BPK

Bibliografia Prac Pracowników

Politechniki Koszalińskiej

Morskie upusty denne ścieków / (Rekord nr 7162)

Szczegóły MARC
000 -ETYKIETA REKORDU
podpole kontrolne o stałej długości 00825nab a2200205 i 4500
001 - NUMER KONTROLNY REKORDU
podpole kontrolne BPP
003 - IDENTYFIKATOR NUMERU KONTROLNEGO REKORDU
podpole kontrolne BPK
005 - DATA OSTATNIEJ MODYFIKACJI REKORDU
podpole kontrolne 20160311090458.0
008 - POLE O STAŁEJ DŁUGOŚCI - DANE KONTROLNE
podpole kontrolne o stałej długości 140618s1974 pl f |000 0
040 ## - ŹRÓDŁO KATALOGOWANIA
Instytucja, która utworzyła rekord BPK
080 ## - UNIWERSALNA KLASYFIKACJA DZIESIĘTNA - UKD
UKD 628.16
100 ## - NAZWA OSOBOWA
Nazwa osobowa PERZYŃSKI, Zbigniew.
Lata pracy 1970 - 1987.
Instytucja Wyższa Szkoła Inżynierska w Koszalinie - Instytut Budownictwa,
Wydział Zakład Budownictwa Ogólnego, Rolniczego i Przemysłowego
245 ## - TYTUŁ/ODPOWIEDZIALNOŚĆ
Tytuł Morskie upusty denne ścieków /
Pozostałe elementy strefy tytułu i oznaczenia odpowiedzialności Zbigniew Perzyński.
260 ## - STREFA ADRESU WYDAWNICZEGO
Data publikacji, dystrybucji/powstania dokumentu 1974.
500 ## - UWAGI OGÓLNE
Tekst uwagi Dane z autopsji.
520 ## - UWAGA DOTYCZĄCA TREŚCI DOKUMENTU
Analiza dokumentacyjna, adnotacja itp. W artykule omówiono technologię projektowania i wykonywania upustów dennych w związku z odprowadzeniem ścieków komunalnych i przemysłowych do morza.
650 #0 - HASŁO PRZEDMIOTOWE W FORMIE NAZWY OGÓLNEJ LUB JEDNOSTKOWEJ
Nazwa ogólna lub geograficzna Ścieki.
773 ## - TYTUŁ DOKUMENTU MACIERZYSTEGO
Wyrażenie wprowadzające W :
Tytuł Koszalińskie Studia i Materiały. -
Informacje dotyczące relacji 1974, nr 1, s. 67-73
942 ## - HASŁO DODATKOWE - ELEMENTY(KOHA)
Typ dokumentu Artykuł
Schemat klasyfikacji Uniwersalna klasyfikacja dziesiętna
Egzemplarze
Wycofany Zagubiony Uszkodzony Dostępność Lokalizacja stała Lokalizacja bieżąca Sygnatura Typ dokumentu
      Dostępny Bibliografia Prac Pracowników - BPK Bibliografia Prac Pracowników - BPK 0856 Artykuł
© 2014 Biblioteka Politechniki Koszalińskiej :: BIBLIOGRAFIA PRAC PRACOWNIKÓW